| 000 | 03368nam a2200409 i 4500 | ||
|---|---|---|---|
| 001 | 193884 | ||
| 003 | SpMaBN | ||
| 005 | 20250708200739.0 | ||
| 008 | 240226s2021 sp a | |||| 000 0 spa | ||
| 015 | _aMON21 | ||
| 017 |
_aCO 1063-2021 _bOficina Depósito Legal Córdoba |
||
| 020 | _a9788416750719 | ||
| 040 |
_aSpMaBN _bspa _cSpMaBN _erda |
||
| 080 | _a061.22(460.154.2)(091) | ||
| 080 | _a008(460.154.2)(091) | ||
| 100 |
_aMina, Javier, _d1950- _9235347 _eaut |
||
| 245 | 1 | 3 |
_aEl Ateneo Guipuzcoano : _buna historia cultural de San Sebastián / _cJavier Mina. |
| 264 | 1 |
_a[Córdoba] : _bAlmuzara, _c[2021]. |
|
| 264 | 4 | _c©2021 | |
| 300 |
_a507 páginas : _bilustraciones (blanco y negro) ; _c24 cm. |
||
| 336 |
_aTexto _aImagen fija _2rdacontent |
||
| 337 |
_asin mediación _2rdamedia |
||
| 338 |
_avolumen _2rdacarrier |
||
| 490 | 1 | _aHistoria (Almuzara) | |
| 504 | _aBibliografía: páginas 503-507 | ||
| 520 | _aEste libro conecta la historia del Ateneo de San Sebastián, y luego Guipuzcoano, con la historia de la ciudad a través del siglo y medio de su existencia. El enfoque es básicamente cultural pero también ofrece un recorrido por los acontecimientos que marcaron la ciudad desde su condición siempre de enclave liberal, que lo mismo sufrió el asedio del integrismo carlista durante la Segunda Guerra al finalizar el s. XIX, que conoció el ensañamiento del integrismo totalitario al finalizar el s. XX. Como no podía ser menos, el Ateneo vivió en sus carnes las diferentes peripecias ideológicas y estuvo desaparecido por lo menos dos veces, en 1882 y en 1936, como consecuencia de la cerrazón ultraderechista. En otras ocasiones interrumpió sus actividades por diversos motivos, si bien renació continuamente de sus cenizas, de modo que se puede sostener sin ningún género de dudas que el Ateneo actual es el legítimo heredero del creado en 1870 por un grupo de donostiarras emprendedores. A lo largo de una existencia tan dilatada aunque principalmente nómada -nunca tuvo sede propia- ha ido dejando por el camino jirones enteros de vida (a veces se los arrebataron, como cuando las tropas franquistas ocuparon Donostia) y se pueden contar con los dedos de una mano los documentos que han subsistido del periodo 1870-1936. La notoriedad e importancia del Ateneo en la vida cultural de la ciudad eran tales en aquellos tiempos que la prensa recogía y reseñaba todas y cada una de sus actividades, lo que ha permitido reconstruir el itinerario de la entidad. Para el período que va desde 1944 a nuestros días se ha podido utilizar la documentación conservada. La historia del Ateneo, en definitiva, se ofrece como un espejo al ciudadano donostiarra. | ||
| 610 | 0 | 4 |
_aAteneo Guipuzcoano _92042 |
| 651 | 0 |
_aSan Sebastián- _xCultura- _vHistoria _2embne _9235349 |
|
| 830 | 0 |
_aHistoria (Almuzara) _9240363 |
|
| 852 |
_aES-MaACL _bR.154941 _cDEPOJ _jN-9748 _xEncuadernación rústica con solapas _gDedicatoria autógrafa del autor _hDonación: Javier Mina _9205413 |
||
| 903 |
_9235347 _aMina, Javier, _d1950- _ednr |
||
| 942 |
_cMONOGRAFIA _n0 |
||
| 999 |
_c193884 _d193884 |
||